Model Code of Safety Regulations for underground work in coal mines

Detalles Bibliográficos
Formato: eBook
Lenguaje:inglés
Publicado: Geneva : International Labour Organization, represented by the International Labour Office (ILO), 1950
Materias:
Acceso en línea:http://www.vlex.com/source/11276

MARC

LEADER 00000nam a22000007a 4500
005 20130612141427.0
007 cr|||| ||||
008 130612e19509999sz |||||s|||| 00||0 eng d
035 |a 11276 
040 |a 1 Recurso electrn̤ico 
090 |c 4314  |d 4314 
245 0 0 |a Model Code of Safety Regulations for underground work in coal mines  |h [Recurso electrn̤ico]  
256 |a Servicio en ln̕ea 
260 |a Geneva :  |b International Labour Organization, represented by the International Labour Office (ILO),   |c 1950 
300 |a 1 Recurso electrn̤ico 
506 |d vLex Global   |d vLex Global (Academic Edition, excluding Law Schools)  |d vLex Global (U.S. Academic Edition, Law Schools)  |d vLex Global (U.S. Academic Edition, excluding Law Schools)  |d vLex Global (Academic Edition, Law Schools)  |a Contenido solo disponible en los productos indicados 
650 4 |a Derecho laboral y Seguridad Social 
650 4 |a Seguridad y salud laboral 
740 |a vLex Libros (Servicio en ln̕ea) 
856 |a Acceso restringido  |u http://www.vlex.com/source/11276 
942 |c BOOK 
999 0 |a Labor laws and legislation